[Event "8th TCh-Eur w"]
[Site "Novi Sad SRB"]
[Date "2009.10.29"]
[Round "8"]
[White "Sasmazel,B"]
[Black "Puuska,H"]
[Result "1/2-1/2"]
[WhiteElo "1912"]
[BlackElo "2020"]

1.e4 d5 2.exd5 Qxd5 3.Nc3 Qd6 4.d4 Nf6 5.Nf3 Bg4 6.h3 Bxf3 7.Qxf3 c6 8.Be3 Nbd7
9.O-O-O e6 10.a3 Qc7 11.Bd3 Rb8 12.g4 b5 13.Bf4 Bd6 14.Bxd6 Qxd6 15.g5 Nd5
16.Ne4 Qf4+ 17.Qxf4 Nxf4 18.b4 Nxd3+ 19.Rxd3 Nb6 20.Rc3 Nc4 21.Nd2 Nxd2 22.Kxd2 Kd7
23.Rg1 Ra8 24.a4 bxa4 25.Ra3 a5 26.Rxa4 axb4 27.Rxb4 Rhb8 28.Rxb8 Rxb8 29.Ra1 Rb7
30.Ra8 f6 31.Rh8 fxg5 32.Rxh7 Kd6 33.Ke3 e5 34.Rh8 exd4+ 35.Kxd4 Rb4+ 36.c4 c5+
37.Kc3 Ra4 38.Kb3 Rb4+ 39.Kc3 Ra4 40.Kb3  1/2-1/2

[Event "13th OIBM"]
[Site "Bad Wiessee GER"]
[Date "2009.10.31"]
[Round "1"]
[White "Kroencke,U"]
[Black "Welling,G"]
[Result "0-1"]
[WhiteElo "1985"]
[BlackElo "2372"]

1.e4 d5 2.exd5 Qxd5 3.Nc3 Qd6 4.d4 Nf6 5.Nf3 a6 6.Be2 Nbd7 7.O-O e6 8.Bg5 c5
9.dxc5 Qxd1 10.Raxd1 Bxc5 11.a3 b5 12.Nd4 Bb7 13.Bf3 Bxf3 14.Nxf3 O-O 15.Rd2 Rfc8
16.Rfd1 h6 17.Bh4 Bxa3 18.bxa3 Rxc3 19.Rxd7 Nxd7 20.Rxd7 Rxc2 21.h3 f6 22.Nd4 Rd2
23.Rd6 Rc8 24.Nxb5 Rxd6 25.Nxd6 Rc1+ 26.Kh2 Rc3 27.f3 Rxa3 28.Be1 a5 29.Nc4 Ra1
30.Bd2 a4 31.Bb4 Rb1 32.Bd6 Rd1 33.Bb8 Rd4  0-1

[Event "Open"]
[Site "Liberec CZE"]
[Date "2009.10.31"]
[Round "9"]
[White "Szumilas,Pi"]
[Black "Heinzel,O"]
[Result "0-1"]
[WhiteElo "2109"]
[BlackElo "2341"]

1.e4 d5 2.exd5 Qxd5 3.Nc3 Qd6 4.d4 Nf6 5.Nf3 c6 6.g3 Bg4 7.Bg2 e6 8.O-O Be7
9.Bf4 Qb4 10.Rb1 O-O 11.a3 Qa5 12.Qd2 Nbd7 13.Ne2 Qh5 14.Qc3 c5 15.Rfe1 Rac8
16.h3 Bxh3 17.Be5 cxd4 18.Qxd4 Bxg2 19.Kxg2 Nxe5 20.Nxe5 Rfd8 21.Qe3 Bc5
22.Qf4 Bd6 23.Nd4 Bxe5 24.Rxe5 Qg4 25.Ne2 Qxf4 26.Nxf4 Rxc2 27.Re2 Rxe2 28.Nxe2 Rd2
29.Nc3 Ng4 30.Ne4 Rc2  0-1

[Event "World Seniors"]
[Site "Condino ITA"]
[Date "2009.11.02"]
[Round "6"]
[White "Trefzer,E"]
[Black "Clemens,C"]
[Result "0-1"]
[WhiteElo "2074"]
[BlackElo "2331"]

1.e4 d5 2.exd5 Qxd5 3.Nc3 Qd6 4.d4 Nf6 5.Nf3 a6 6.Be2 Nc6 7.Bg5 Bg4 8.Qd2 O-O-O
9.O-O-O Bxf3 10.Bxf3 Nxd4 11.Qe3 e5 12.Rhe1 Be7 13.Ne2 Rhe8 14.Ng3 Qc5 15.c3 Nxf3
16.Qxf3 Rxd1+ 17.Rxd1 e4 18.Qf5+ Kb8 19.Be3 Qxf5 20.Nxf5 Bf8 21.h3 g6 22.Ng3 Kc8
23.Kc2 Nd7 24.Ne2 f5 25.g4 Bd6 26.gxf5 gxf5 27.Rg1 Ne5 28.Rg7 Rf8 29.Rxh7 Nd3
30.f4 Rg8 31.b4 Rg2 32.Kd1 Nb2+ 33.Ke1 Nc4 34.Rh8+ Kd7 35.Rh7+ Ke8 36.Bd4 e3
37.Kd1 Nb2+ 38.Ke1 Nd3+ 39.Kd1 Nxf4 40.Nxf4 Bxf4  0-1

[Event "Casino GM"]
[Site "Barcelona ESP"]
[Date "2009.11.03"]
[Round "2"]
[White "Lopez Martinez,Josep"]
[Black "Magem Badals,J"]
[Result "1-0"]
[WhiteElo "2589"]
[BlackElo "2564"]

1.e4 d5 2.exd5 Qxd5 3.Nc3 Qd6 4.d4 Nf6 5.Nf3 g6 6.Nb5 Qb6 7.Bf4 Na6 8.c3 c6
9.Na3 Bg7 10.Nc4 Qd8 11.Be2 O-O 12.O-O Nc7 13.Re1 Ncd5 14.Be5 Bf5 15.a4 a5
16.Qb3 Ra7 17.Bf1 Bh6 18.h3 Nd7 19.Bh2 N7b6 20.Nce5 Be6 21.Qd1 Bf5 22.Ng4 Bxg4
23.hxg4 e6 24.Bg3 Nd7 25.Bc4 Re8 26.Bh4 Qb6 27.g5 Bg7 28.Qd2 Raa8 29.Bg3 Rad8
30.Re2 Qa7 31.Qc2 N5b6 32.Bd3 c5 33.dxc5 Nxc5 34.Bb5 Rf8 35.Ne5 Rd5 36.Rd1 Rfd8
37.Rxd5 exd5 38.Ng4 Ne4 39.Bf4 Nc8 40.c4 Ncd6 41.cxd5 Qd4 42.Qd3 Qb4 43.Qe3 Bxb2
44.Rxb2 Qxb2 45.f3 Nxb5 46.fxe4 Nd6 47.Kh2 h5 48.gxh6 Nc4 49.Qc5 Nd2 50.Qe7 Nf1+
51.Kh1  1-0

[Event "World Seniors"]
[Site "Condino ITA"]
[Date "2009.11.03"]
[Round "7"]
[White "Kernazhitsky,L"]
[Black "Acers,J"]
[Result "0-1"]
[WhiteElo "2327"]
[BlackElo "2226"]

1.e4 d5 2.exd5 Qxd5 3.Nc3 Qd6 4.d4 Nf6 5.Nf3 a6 6.g3 b5 7.Bg2 Bb7 8.O-O e6
9.Bf4 Qb6 10.Qe2 Bd6 11.Bxd6 cxd6 12.Nd1 O-O 13.Ne3 Rc8 14.c3 Nbd7 15.a4 Be4
16.a5 Qb7 17.Nd2 Bxg2 18.Nxg2 e5 19.Ne3 g6 20.Nc2 Re8 21.Qf3 e4 22.Qf4 Re6
23.f3 Nd5 24.Qh4 e3 25.Ne4 f6 26.Rae1 Nf8 27.Nxe3 Nxe3 28.Rxe3 Kg7 29.Ree1 Qe7
30.d5 Re5 31.g4 Re8 32.Rd1 g5 33.Qf2 Ng6 34.Ng3 Nh4 35.f4 Re3 36.fxg5 fxg5
37.Nh5+ Kh8 38.Qf7 Qxf7 39.Rxf7 Nf3+ 40.Kh1 Ne5 41.Rf5 Nxg4 42.Rdf1 Re1 43.Rf8+ Rxf8
44.Rxe1 Ne5 45.Kg2 h6 46.Rf1 Rxf1 47.Kxf1 Nc4 48.b4 Ne3+ 49.Ke2 Nxd5 50.Kd3 Kh7
51.Kd4 Nc7 52.Nf6+ Kg6 53.Nd5 Ne6+ 54.Ke4 h5 55.Ne3 Nc7 56.Nf5 Ne8 57.Ne7+ Kf7
58.Nd5 Ke6 59.Kd4 h4 60.h3 Kd7 61.Ke4 Ke6 62.c4 bxc4 63.b5 c3 64.Nxc3 d5+
65.Ke3 Ke5 66.Kf3 d4 67.b6 Nd6 68.Ne4 Nb7 69.Nxg5 Nxa5 70.Kg4 d3 71.Nf3+ Ke4
72.Nd2+ Ke3 73.Nb1 d2 74.Nc3 Kd3 75.Nd1 Nb7 76.Kxh4 a5  0-1

[Event "13th OIBM"]
[Site "Bad Wiessee GER"]
[Date "2009.11.04"]
[Round "6"]
[White "Pohle,D"]
[Black "Konik,M"]
[Result "1/2-1/2"]
[WhiteElo "2206"]
[BlackElo "2090"]

1.e4 d5 2.exd5 Qxd5 3.Nc3 Qd6 4.d4 Nf6 5.Bc4 a6 6.Bb3 Nc6 7.Nge2 e5 8.dxe5 Qxd1+
9.Nxd1 Nxe5 10.Bf4 Bd6 11.Ne3 O-O 12.O-O-O Re8 13.h3 Ne4 14.Rhf1 Be6 15.Bxe6 Rxe6
16.Rd4 Ng6 17.Bxd6 Nxd6 18.Rfd1 Rae8 19.Nc3 Ne7 20.Ncd5 Nxd5 21.Nxd5 c5 22.Rf4 Re1
23.Ne3 Rxd1+ 24.Kxd1 Re4 25.Rxe4 Nxe4 26.Ke2 Nd6 27.Kd3 Kf8 28.a4 b5 29.axb5 axb5
30.b4 cxb4 31.Kd4 Ke7 32.Nd5+ Ke6 33.Nxb4 Nb7 34.Nd3 Kd6 35.Ne5 f6 36.Nd3 Nd8
37.Ke4 Nc6 38.c3 Ne7 39.g4 Nd5 40.Kd4 g6 41.h4 h6 42.c4 bxc4 43.Kxc4 Nb6+
44.Kd4 Nd5 45.Nc5 Nf4 46.Ne4+ Ke6 47.Ng3 Nd5 48.h5 gxh5 49.Nxh5 Ne7 50.Nf4+ Kf7
51.Ke4 Nc6 52.Ng2 Kg6 53.Kf4 Nd4 54.Nh4+ Kf7 55.Ke4 Nc6 56.Nf5 Kg6 57.Ng3 Kf7
58.Kf4 Kg6 59.Ne2 Ne5 60.Ng3 Nd3+ 61.Ke3 Ne5 62.f3 Nc4+ 63.Kd4 Nd2 64.Ke3 Nc4+
65.Kf4 Nb6 66.Ne2 Nd5+ 67.Kg3 h5 68.Nd4  1/2-1/2

[Event "World Seniors w"]
[Site "Condino ITA"]
[Date "2009.11.04"]
[Round "8"]
[White "Shushpanova,N"]
[Black "Bogumil,T"]
[Result "1/2-1/2"]
[WhiteElo "1958"]
[BlackElo "2169"]

1.e4 d5 2.exd5 Qxd5 3.Nc3 Qd6 4.d4 c6 5.Bc4 Nf6 6.Nge2 g6 7.a3 Be6 8.Bf4 Qd7
9.Bd3 Bg7 10.O-O O-O 11.Be5 Ng4 12.Bxg7 Kxg7 13.h3 Nf6 14.Ne4 Nxe4 15.Bxe4  1/2-1/2

[Event "TCh-SLO East 1st League"]
[Site "Sentjur SLO"]
[Date "2009.11.07"]
[Round "7"]
[White "Tomazini,A"]
[Black "Doric,D"]
[Result "1/2-1/2"]
[WhiteElo "2211"]
[BlackElo "2456"]

1.e4 d5 2.exd5 Qxd5 3.Nc3 Qd6 4.d4 Nf6 5.Nf3 c6 6.Ne5 Nbd7 7.Bf4 Nd5 8.Bg3 Nxe5
9.Bxe5 Qb4 10.a3 Qa5 11.b4 Nxc3 12.Qd3 Qd5 13.Qxc3 Qe4+ 14.Kd2 Be6 15.Qe3 Qxe3+
16.fxe3 f6 17.Bg3 Bf5 18.Bd3 Bxd3 19.Kxd3 e6 20.c4 h5 21.Rhb1 h4 22.Bf2 h3
23.g3 Bd6 24.c5 Bc7 25.b5 Kd7 26.bxc6+ bxc6 27.Rb7 f5 28.e4 g6 29.Be3 Rhb8
30.Rab1 Rxb7 31.Rxb7 Kc8 32.Rb1 Rb8  1/2-1/2

[Event "TCh-SLO East 1st League"]
[Site "Sentjur SLO"]
[Date "2009.11.07"]
[Round "8"]
[White "Buzeti,J"]
[Black "Doric,D"]
[Result "1/2-1/2"]
[WhiteElo "2214"]
[BlackElo "2456"]

1.e4 d5 2.exd5 Qxd5 3.Nc3 Qd6 4.d4 Nf6 5.Nf3 c6 6.Ne5 Nbd7 7.Bf4 Nd5 8.Bg3 Nxe5
9.Bxe5 Qb4 10.a3 Qa5 11.Qd2 Bf5 12.Nxd5 Qxd2+ 13.Kxd2 cxd5 14.Bb5+ Bd7 15.Bd3 f6
16.Bg3 Rc8 17.Rae1 Kf7 18.f4 e6 19.Bf2 Bd6 20.Be3 f5 21.h3 b5 22.g3 a5 23.Ke2 Rc7
24.Bd2 Ra8 25.Ra1 Rb7 26.c3 Rba7 27.b3 Rc8 28.Kf3 Be7 29.h4 Bf6 30.Ke3 g6
31.Rac1 Rac7 32.b4 Ra7 33.Ke2 axb4 34.axb4 Ra2 35.Ra1 Rca8 36.Rxa2 Rxa2 37.Kd1 Kg7
38.Bb1 Ra8 39.Bd3 Ra1+ 40.Bc1 h6 41.Kc2 Be7 42.Kb2 Ra8 43.Be3 Bd6 44.Ra1 Rxa1
45.Kxa1 Be7 46.Be2 Be8 47.Kb2 h5  1/2-1/2

[Event "Frauenbundesliga 2009-10"]
[Site "Germany GER"]
[Date "2009.11.08"]
[Round "2"]
[White "Haecker,S"]
[Black "Zatonskih,A"]
[Result "0-1"]
[WhiteElo "2064"]
[BlackElo "2466"]

1.e4 d5 2.exd5 Qxd5 3.Nc3 Qd6 4.d4 c6 5.Nf3 Nf6 6.h3 Bf5 7.Bc4 e6 8.Qe2 Nbd7
9.Bg5 Be7 10.O-O-O Qc7 11.Ne5 Nxe5 12.dxe5 Nd5 13.Bd2 Nb4 14.Bb3 a5 15.a3 Na6
16.g4 Bg6 17.f4 Nc5 18.Ba2 b5 19.Rhf1 b4 20.f5 bxc3 21.Bxc3 O-O 22.fxg6 hxg6
23.Qc4 Nd7 24.Rfe1 Nb6 25.Qe4 Nd5 26.Rd3 Bg5+ 27.Bd2 Bxd2+ 28.Rxd2 Rab8 29.c3 Qe7
30.Qa4 Qh4 31.Rh1 Qg3 32.Qd4 Rb7 33.Bxd5 cxd5 34.Re2 Rfb8 35.Rhh2 Rc8 36.Reg2 Qe1+
37.Kc2 Qa1 38.Kd3 Qb1+ 39.Ke3 Rc4 40.Qd2 Re4+ 41.Kf3 Rxe5 42.Re2 Re4 43.Rhf2 Rc7
44.Kg2 Rxe2 45.Rxe2 Qa2 46.Qg5 Rd7 47.Kh2 Qc4 48.Qe5 Qc7 49.Qxc7 Rxc7 50.Kg3 Kf8
51.Kf4 Ke7 52.Rd2 Kd6 53.Rd4 Rb7 54.Rd2 e5+ 55.Ke3 Rb8 56.Rf2 Ke6 57.Kf3 f5
58.b4 Rc8 59.Rc2 axb4 60.axb4 Rc4 61.Ke3 Rxc3+ 62.Rxc3 d4+ 63.Kd3 dxc3 64.Kxc3 f4  0-1

[Event "World Blitz"]
[Site "Moscow RUS"]
[Date "2009.11.16"]
[Round "2"]
[White "Naiditsch,A"]
[Black "Gashimov,V"]
[Result "0-1"]
[WhiteElo "2689"]
[BlackElo "2758"]

1.e4 d5 2.exd5 Qxd5 3.Nc3 Qd6 4.d4 Nf6 5.Bc4 Bg4 6.Nge2 e6 7.O-O Be7 8.h3 Bh5
9.Bf4 Qxf4 10.Nxf4 Bxd1 11.Raxd1 Bd6 12.Nd3 Nbd7 13.d5 e5 14.f4 O-O 15.fxe5 Nxe5
16.Nxe5 Bxe5 17.Rfe1 Rfe8 18.Kf1 Bxc3 19.bxc3 Rxe1+ 20.Rxe1 Kf8 21.Bb3 Rd8
22.c4 Nd7 23.c3 Nc5 24.Bc2 g6 25.Kf2 b6 26.g4 h6 27.Kf3 Re8 28.Rd1 Ke7 29.h4 Kd6
30.Rf1 Re5 31.Rd1 Re7 32.Rf1 Nd7 33.Bb3 a5 34.a3 Kc5 35.Kg2 Re2+ 36.Kg1 Ne5
37.Rf6 Rb2 38.Ba4 Kxc4 39.Be8 Kxc3 40.Bxf7 Kd4 41.Be6 Ke3 42.h5 gxh5 43.gxh5 Nf3+  0-1

[Event "World Blitz"]
[Site "Moscow RUS"]
[Date "2009.11.16"]
[Round "6"]
[White "Jakovenko,D"]
[Black "Kramnik,V"]
[Result "1/2-1/2"]
[WhiteElo "2736"]
[BlackElo "2772"]

1.e4 d5 2.exd5 Qxd5 3.Nc3 Qd6 4.d4 Nf6 5.g3 c6 6.Bg2 Bg4 7.Nf3 e6 8.O-O Nbd7
9.h3 Bxf3 10.Bxf3 O-O-O 11.Bf4 e5  1/2-1/2

[Event "South Bohemia Open"]
[Site "Cesky Krumlov CZE"]
[Date "2009.11.17"]
[Round "5"]
[White "Szablowski,P"]
[Black "Cilia Vincenti,D"]
[Result "1/2-1/2"]
[WhiteElo "2217"]
[BlackElo "2114"]

1.e4 d5 2.exd5 Qxd5 3.Nc3 Qd8 4.d4 Nf6 5.Nf3 c6 6.Bc4 Bf5 7.Ne5 e6 8.g4 Bg6
9.h4 Nbd7 10.Qe2 Bb4 11.h5 Be4 12.O-O Bd5 13.Bd3 Nxe5 14.dxe5 Nd7 15.Nxd5 cxd5
16.c4 dxc4 17.Bxc4 O-O 18.Rd1 Qe7 19.a3 Bc5 20.Bf4 Nb6 21.Bd3 Nd5 22.Bg3 Qg5
23.Qe4 f5 24.exf6 Nxf6 25.Qxe6+ Kh8 26.Qf5 Qxf5 27.Bxf5 Nxh5 28.Bd6 Bxd6
29.Rxd6 Nf4 30.f3 h5 31.Re1 h4 32.Rd7 Rad8 33.Ree7 Rxd7 34.Rxd7 Rc8 35.Rd1 Re8
36.Be4 b6 37.Kf2 g5 38.Rd7 a5 39.b4 axb4 40.axb4 Re6  1/2-1/2

[Event "World Blitz"]
[Site "Moscow RUS"]
[Date "2009.11.17"]
[Round "21"]
[White "Karjakin,Sergey"]
[Black "Gashimov,V"]
[Result "1-0"]
[WhiteElo "2723"]
[BlackElo "2758"]

1.e4 d5 2.exd5 Qxd5 3.Nc3 Qd6 4.d4 Nf6 5.Nf3 Bg4 6.h3 Bh5 7.Bd3 e6 8.Ne4 Qd8
9.Nxf6+ gxf6 10.Be3 Nd7 11.c4 c6 12.a3 Bd6 13.Qe2 Qe7 14.O-O-O O-O-O 15.Kb1 Kb8
16.Rhe1 Rhg8 17.g4 Bg6 18.d5 c5 19.Ka2 Rge8 20.Qc2 e5 21.Be4 Nb6 22.Nh4 Qd7
23.Nf5 Rg8 24.Ng3 Nc8 25.b4 Qc7 26.Rb1 Ka8 27.bxc5 Bxc5 28.Bxc5 Qxc5 29.Rb5 Qc7
30.c5 Rxd5 31.Nf5 Rgd8 32.Bxd5 Rxd5 33.Rd1 Qc6 34.Rxd5 Qxd5+ 35.Rb3 a6 36.Qd3 Qc6
37.Rc3 h5 38.f3 Ka7 39.Qd8 hxg4 40.hxg4 Qe6+ 41.Kb2 Qc6 42.Kc1 Bxf5 43.gxf5 Kb8
44.Kd2 Qb5 45.Qd3 Qc6 46.Ke1 Ka7 47.Kf2 Ne7 48.Qd6 Nxf5 49.Qxc6 bxc6 50.Rd3 Nd4
51.Rd1 Kb7 52.Rh1 Ne6 53.Rh7 Ng5 54.Rh6 Ne6 55.Rxf6 Nxc5 56.Rxf7+ Kb6 57.Ke3 Ne6
58.Re7 Nd4 59.Rxe5 Nc2+ 60.Kd3 Nxa3 61.f4 Nb5 62.f5 Nd6 63.f6 Kc7 64.f7  1-0

[Event "World Blitz"]
[Site "Moscow RUS"]
[Date "2009.11.17"]
[Round "24"]
[White "Anand,V"]
[Black "Kramnik,V"]
[Result "1-0"]
[WhiteElo "2788"]
[BlackElo "2772"]

1.e4 d5 2.exd5 Qxd5 3.Nc3 Qd6 4.d4 Nf6 5.Nf3 g6 6.Nb5 Qb6 7.c4 c6 8.Nc3 Bg7
9.Be2 O-O 10.O-O Rd8 11.h3 Bf5 12.Qb3 Na6 13.Be3 Qxb3 14.axb3 Nb4 15.g4 Bd3
16.Bxd3 Nxd3 17.Rfd1 Nb4 18.Rd2 h5 19.g5 Ne8 20.d5 b6 21.dxc6 Nxc6 22.Rxd8 Rxd8
23.b4 Nd6 24.b5 Na5 25.c5 Ndc4 26.cxb6 axb6 27.Bxb6 Nxb6 28.Rxa5 Nc4 29.Ra7 e6
30.Rc7 Nd6 31.b6 Rb8 32.Rc6 Nf5 33.Na4 Ne7 34.Rc5 Nd5 35.Rb5 Rb7 36.Ne1 Nf4
37.Nc5 Rb8 38.b7 Ne2+ 39.Kf1 Nd4 40.Rb6  1-0

[Event "World Blitz"]
[Site "Moscow RUS"]
[Date "2009.11.17"]
[Round "28"]
[White "Jakovenko,D"]
[Black "Gashimov,V"]
[Result "0-1"]
[WhiteElo "2736"]
[BlackElo "2758"]

1.e4 d5 2.exd5 Qxd5 3.Nc3 Qd6 4.d4 Nf6 5.Nf3 a6 6.g3 Bg4 7.Bg2 Nc6 8.O-O O-O-O
9.Be3 e5 10.dxe5 Nxe5 11.Qxd6 Nxf3+ 12.Bxf3 Bxd6 13.Bg2 Be5 14.Rfe1 Rhe8
15.Rac1 Bf5 16.h3 h6 17.Na4 Be4 18.b3 Bxg2 19.Kxg2 Nd5 20.Nc5 Bc3 21.Re2 Nxe3+
22.fxe3 Bd4 23.Nd3 Rxe3 24.Rxe3 Bxe3 25.Rf1 Rd7 26.a4 Bd4 27.h4 Kd8 28.g4 Ke7
29.Re1+ Kf8 30.Re4 a5 31.Kf3 b6 32.h5 Bf6 33.Nf4 Be7 34.Rc4 Bd6 35.Nd3 Re7
36.Nf2 Ke8 37.Ne4 Be5 38.c3 Rd7 39.b4 axb4 40.cxb4 Rd3+ 41.Ke2 Ra3 42.a5 bxa5
43.bxa5 Rxa5 44.Nc5 Bd6 45.Ne4 Ke7 46.Kf3 Ra3+ 47.Ke2 Ke6 48.Nc3 Ra5 49.Kf3 Be5
50.Ne4 Kd5 51.Rb4 Ra3+  0-1

[Event "World Youth U18"]
[Site "Antalya TUR"]
[Date "2009.11.18"]
[Round "7"]
[White "Lovik,L"]
[Black "Wageih,K"]
[Result "1/2-1/2"]
[WhiteElo "2379"]
[BlackElo "2324"]

1.e4 d5 2.exd5 Qxd5 3.Nc3 Qd6 4.d4 Nf6 5.Bc4 a6 6.Nge2 b5 7.Bb3 Bb7 8.Bf4 Qd7
9.d5 c5 10.dxc6 Nxc6 11.Qxd7+ Nxd7 12.O-O-O e6 13.Ne4 Na5 14.N2g3 Nxb3+ 15.axb3 Nc5
16.Nd6+ Bxd6 17.Bxd6 Ne4 18.Nxe4 Bxe4 19.f3 Bd5 20.Bc5 O-O-O 21.Rhe1 Rd7
22.Re3 Kb7 23.b4 Rhd8 24.Red3  1/2-1/2

[Event "World Blitz"]
[Site "Moscow RUS"]
[Date "2009.11.18"]
[Round "33"]
[White "Kosteniuk,A"]
[Black "Gashimov,V"]
[Result "0-1"]
[WhiteElo "2517"]
[BlackElo "2758"]

1.e4 d5 2.exd5 Qxd5 3.Nc3 Qd6 4.d4 Nf6 5.Nf3 a6 6.g3 Bg4 7.h3 Bh5 8.Bg2 Nc6
9.Bf4 Qb4 10.O-O O-O-O 11.d5 e6 12.a3 Qxb2 13.Na4 Qb5 14.c4 Qxc4 15.Nd2 Qxf4
16.Qb3 Nd4 17.Nb6+ cxb6 18.Qxb6 Qd6 19.Qa7 exd5 20.Rab1 Qc7 21.Nc4 Bc5 22.Qa8+ Kd7
23.Ne5+ Ke6 24.Qxb7 Qxb7 25.Rxb7 Kxe5  0-1

[Event "World Blitz"]
[Site "Moscow RUS"]
[Date "2009.11.18"]
[Round "37"]
[White "Grischuk,A"]
[Black "Kramnik,V"]
[Result "1-0"]
[WhiteElo "2736"]
[BlackElo "2772"]

1.e4 d5 2.exd5 Qxd5 3.Nc3 Qd6 4.d4 Nf6 5.Nf3 g6 6.Bc4 Bg7 7.O-O O-O 8.Re1 Bg4
9.h3 Bxf3 10.Qxf3 Nc6 11.Nb5 Nxd4 12.Nxd4 Qxd4 13.Bb3 a5 14.c3 Qb6 15.Rxe7 a4
16.Bc2 c6 17.Rb1 Nd5 18.Re1 Rfe8 19.Rxe8+ Rxe8 20.Bd2 Qb5 21.Bd3 Qc5 22.a3 Qd6
23.Rd1 b5 24.Bc2 Qc5 25.h4 h5 26.Bg5 Qc4 27.Bd3 Qb3 28.Rd2 Re1+ 29.Kh2 Re5
30.g3 Qa2 31.Kg2 Qb3 32.Re2 Rxe2 33.Qxe2 Nc7 34.Be4 c5 35.Bd3 Qd5+ 36.Kg1 b4
37.Bc4 Qe5 38.Qf3 Ne6 39.cxb4 cxb4 40.axb4 Qxb2 41.Bxe6 fxe6 42.Qa8+ Bf8
43.Be7 Qg7 44.Bxf8 Qxf8 45.Qxa4 Qd6 46.Qb3 Kf7 47.b5 Qb6 48.Qc4 Kf6 49.Qc3+ Kf5
50.Qd3+ Kf6 51.Qf3+ Kg7 52.Qc6 Qd4 53.b6 Qd1+ 54.Kg2 e5 55.b7 e4 56.b8=Q  1-0

[Event "World Blitz"]
[Site "Moscow RUS"]
[Date "2009.11.18"]
[Round "41"]
[White "Karjakin,Sergey"]
[Black "Kramnik,V"]
[Result "1/2-1/2"]
[WhiteElo "2723"]
[BlackElo "2772"]

1.e4 d5 2.exd5 Qxd5 3.Nc3 Qd6 4.d4 Nf6 5.Nf3 g6 6.Bd3 Bg7 7.O-O O-O 8.Ne4 Nxe4
9.Bxe4 c6 10.c3 Nd7 11.Re1 e6 12.Be3 b6 13.Qc1 Bb7 14.Bf4 Qe7 15.Ne5 Nxe5  1/2-1/2

[Event "World Youth U18"]
[Site "Antalya TUR"]
[Date "2009.11.21"]
[Round "10"]
[White "De Filomeno,S"]
[Black "Narmontas,M"]
[Result "1/2-1/2"]
[WhiteElo "2234"]
[BlackElo "2370"]

1.e4 d5 2.exd5 Qxd5 3.Nc3 Qd6 4.d4 Nf6 5.Bd3 Nc6 6.Nge2 Bg4 7.f3 Bh5 8.Ne4 Nxe4
9.Bxe4 O-O-O 10.c3 e5 11.Qa4 exd4 12.Bf4 Qc5 13.Bxc6 Qxc6 14.Qxc6 bxc6 15.Nxd4 c5
16.Nc6 Re8+ 17.Kf2 a6 18.Rad1 f6 19.Rhe1 Rxe1 20.Rxe1 c4 21.g3 Bc5+ 22.Be3 Bd6
23.Bd4 Kd7 24.Na5 Bf7 25.Nb7 Rb8 26.Nxd6 Rxb2+ 27.Re2 Rxe2+ 28.Kxe2 cxd6
29.Ba7 Kc7 30.Kd2 Bg6 31.a3 Bh5 32.f4 Bg4 33.Bd4 Kc6 34.h4 Kb5 35.Kc1 Ka4
36.Kb2 Bf5 37.Ba7 Kb5 38.Kc1 Kc6 39.Kd2 Kd5 40.Ke3 Bd3  1/2-1/2

[Event "Espacio ENDESA ITTGM"]
[Site "Santiago CHI"]
[Date "2009.11.21"]
[Round "8"]
[White "Diaz Villagran,R"]
[Black "Garcia Cardenas,P"]
[Result "1/2-1/2"]
[WhiteElo "2281"]
[BlackElo "2306"]

1.e4 d5 2.exd5 Qxd5 3.Nc3 Qd6 4.d4 Nf6 5.Nge2 c6 6.Qd3 g6 7.Bf4 Qb4 8.O-O-O Bg7
9.f3 O-O 10.Bc7 e6 11.g4 Nd5 12.Nxd5 cxd5 13.h4 b6 14.Qd2 Qc4 15.Qf4 Ba6
16.Nc3 Qc6 17.Bd6 Rd8 18.Bxa6 Nxa6 19.Be5 Bxe5 20.Qxe5 Nb8 21.h5 Nd7 22.Qe3 Nf8
23.Rd2 Rac8 24.Kb1 Rd7 25.Nd1 f6 26.hxg6 Nxg6 27.g5 fxg5 28.Qxg5 Rf8 29.Ne3 Qd6
30.Ng4 Qf4 31.Qxf4 Rxf4 32.Rd3 Kg7 33.Kc1 Rdf7 34.Rh3 Rxg4 35.fxg4 Nf4 36.c3 Kg6
37.Kc2 Nxd3 38.Kxd3 Kg5 39.Rg3 h6 40.Rh3 Rf6 41.Ke3 Kxg4 42.Rh1 Rf3+ 43.Ke2 Rh3
44.Rg1+ Rg3 45.Rf1 Rg2+ 46.Ke3 h5 47.Rf7 h4 48.Rxa7 Kg3 49.Re7 Rg1 50.Rg7+ Kh2
51.Rh7 h3 52.Rh6 Kg2 53.Rg6+ Kh1 54.Rh6 h2 55.Kf3 Rf1+ 56.Ke2 Rb1 57.Rxe6 Kg2
58.Rg6+ Kh3 59.Rxb6 Rxb2+ 60.Rxb2 h1=Q 61.Rb6 Qg2+ 62.Kd3 Qxa2 63.Re6 Qb1+
64.Kd2 Kg4 65.Re5 Kf4 66.Re1 Qa2+ 67.Kd3 Qc4+ 68.Kd2  1/2-1/2

[Event "IV Open"]
[Site "Palma ESP"]
[Date "2009.11.22"]
[Round "2"]
[White "Abadia Pascual,L"]
[Black "Heinzel,O"]
[Result "0-1"]
[WhiteElo "1929"]
[BlackElo "2332"]

1.e4 d5 2.exd5 Qxd5 3.Nc3 Qd6 4.d4 c6 5.Nf3 Nf6 6.Bg5 Bg4 7.Be2 Nbd7 8.Qd2 e6
9.O-O-O Qc7 10.Rhe1 Bb4 11.h3 Ne4 12.Qe3 Nxc3 13.hxg4 Nxd1 14.Rxd1 h6 15.Bh4 Bd6
16.Kb1 g5 17.Bg3 Bxg3 18.fxg3 O-O-O 19.Ne5 Nxe5 20.dxe5 Rxd1+ 21.Bxd1 Rd8
22.Bf3 Qb6 23.Qxb6 axb6 24.Kc1 Kd7 25.Kd2 Ra8 26.a3 Ra5  0-1

[Event "IV Open"]
[Site "Palma ESP"]
[Date "2009.11.22"]
[Round "2"]
[White "Carlsson,P"]
[Black "Zygouris,H"]
[Result "1-0"]
[WhiteElo "2480"]
[BlackElo "2246"]

1.e4 d5 2.exd5 Qxd5 3.Nc3 Qd6 4.d4 c6 5.Nf3 Nf6 6.g3 Bg4 7.Bg2 e6 8.O-O Be7
9.Re1 O-O 10.Ne4 Nxe4 11.Rxe4 Bf5 12.Re1 Qc7 13.c3 Nd7 14.Qb3 h6 15.Bf4 Qb6
16.Nd2 Qxb3 17.axb3 Nb6 18.Nc4 g5 19.Bd6 Nc8 20.Bc5 Rd8 21.Na5 Rb8 22.b4 Bxc5
23.dxc5 Ne7 24.b5 Rd2 25.Nc4 Rd7 26.Rxa7 cxb5 27.Ne5 Rc7 28.c6 Nd5 29.g4 Bc2
30.Nd7 Rd8 31.Bxd5 exd5 32.Nf6+ Kg7 33.Re8 Kxf6 34.Rxd8 Rxc6 35.Rxb7 Bd3  1-0

[Event "Vasylyshyn Mem"]
[Site "Lviv UKR"]
[Date "2009.12.02"]
[Round "8"]
[White "Zherebukh,Y"]
[Black "Ulanov,A"]
[Result "1-0"]
[WhiteElo "2527"]
[BlackElo "2336"]

1.e4 d5 2.exd5 Qxd5 3.Nc3 Qd8 4.Nf3 Nf6 5.d4 Bg4 6.h3 Bxf3 7.Qxf3 c6 8.Be3 e6
9.O-O-O Bb4 10.Ne4 Nxe4 11.Qxe4 Qd5 12.Qxd5 cxd5 13.c4 dxc4 14.d5 e5 15.Bxc4 Nd7
16.Kb1 Bd6 17.g4 a6 18.g5 O-O 19.Be2 f5 20.gxf6 Nxf6 21.Bg4 Nxg4 22.hxg4 h6
23.Kc2 e4 24.Kb3 Rad8 25.Rh5 Rf7 26.g5 Rf5 27.Rdh1 Rxd5 28.gxh6 Be5 29.hxg7 Bxg7
30.Rxd5 Rxd5 31.a4 Rd6 32.Rc1 Rd7 33.Rc4 Re7 34.Rb4 Bf8 35.Rb6 Kf7 36.Kc4 Rd7
37.b3 Bd6 38.b4 Ke7 39.b5 axb5+ 40.Rxb5 Bb8 41.Rh5 Ke6 42.Rh8 Bd6 43.Rh6+ Kf5
44.Rh5+ Kg4 45.Rd5 Rc7+ 46.Kd4 Be7 47.Kxe4 Rc4+ 48.Rd4 Rc3 49.Rd7 Bf6 50.a5 Ra3
51.Bb6 Bc3 52.Rd5 Be1 53.Ke5 Kf3 54.Ke6 Bxa5 55.Rf5+ Kg4 56.Rxa5 Rc3 57.Be3  1-0

[Event "2nd Dragon Capital"]
[Site "Ho Chi Minh City VIE"]
[Date "2009.12.03"]
[Round "1"]
[White "Nguyen Quynh Anh"]
[Black "Nguyen Hoang Nam1"]
[Result "1-0"]
[WhiteElo "2102"]
[BlackElo "2320"]

1.e4 d5 2.exd5 Qxd5 3.Nc3 Qd6 4.d4 Nf6 5.Nf3 a6 6.Ne5 c5 7.Be3 Qc7 8.Qf3 cxd4
9.Bxd4 Nbd7 10.Qe3 e6 11.Be2 Bd6 12.Nxd7 Bxd7 13.Qg5 O-O-O 14.Qxg7 e5 15.Be3 Bb4
16.O-O-O Bxc3 17.Qxf6 Be6 18.Rxd8+ Rxd8 19.Rd1 Bd4 20.Bxd4 exd4 21.Rxd4 Rxd4
22.Qxd4 Qxh2 23.Bf3 Qh6+ 24.Kd1 Qg5 25.Qh8+ Kc7 26.Qxh7 Qe5 27.b3 Qa1+ 28.Ke2 Qxa2
29.Qe4 Kd8 30.Kd3 b5 31.Qd4+ Ke7 32.Qc5+ Kf6 33.g4 Qb1 34.g5+ Kg6 35.Be4+ Kg7
36.Qe5+ Kg8 37.Kd2 Qg1 38.f4 Bg4 39.g6 Qd1+ 40.Kc3 Qa1+ 41.Kb4 Qxe5 42.fxe5 Kg7
43.gxf7 Kxf7 44.Bd5+ Ke7 45.Ka5 Bf5 46.c3 Bc8 47.b4 Kd8 48.Kb6 Ke7 49.Bb7 Bf5
50.Bxa6 Be4 51.Bxb5 Ke6 52.c4 Kxe5 53.c5 Kd4 54.c6 Bf5 55.c7 Kd5 56.Ba6  1-0

[Event "New Years All-Ukrainian Open"]
[Site "Poltava UKR"]
[Date "2009.12.05"]
[Round "3"]
[White "Kononenko,Dmitry1"]
[Black "Kovalenko,I"]
[Result "1/2-1/2"]
[WhiteElo "2566"]
[BlackElo "2507"]

1.e4 d5 2.exd5 Qxd5 3.Nc3 Qd6 4.d4 Nf6 5.Nf3 Bg4 6.h3 Bh5 7.g4 Bg6 8.Ne5 Nbd7
9.Nxg6 hxg6 10.Qf3 c6 11.Be3 Nb6 12.O-O-O Nbd5 13.Ne4 Nxe4 14.Qxe4 b5 15.Bg2 e6
16.Bd2 Be7 17.f4 a5 18.Rhf1 Kd7 19.Qe5 Bf6 20.Qxd6+ Kxd6 21.c3 a4 22.Kc2 Kd7
23.Rg1 Be7 24.f5 exf5 25.gxf5 g5 26.Bxd5 cxd5 27.Bxg5 Rxh3 28.Bxe7 Kxe7 29.Rxg7 a3
30.Rg2 axb2 31.Kxb2 b4 32.cxb4 Ra4 33.Kb1 Rxb4+ 34.Rb2 Ra4 35.Rb6 Rf3 36.Re1+ Kd7
37.Rb7+ Kc6 38.Rxf7 Rxd4 39.Re6+ Kb5 40.Rb7+ Kc5  1/2-1/2

[Event "Frauenbundesliga 2009-10"]
[Site "Germany GER"]
[Date "2009.12.06"]
[Round "4"]
[White "Grohmann,K"]
[Black "Berglitz,R"]
[Result "0-1"]
[WhiteElo "1898"]
[BlackElo "2066"]

1.e4 d5 2.exd5 Qxd5 3.Nc3 Qd6 4.g3 c6 5.Bg2 Bf5 6.Nge2 Nf6 7.O-O e6 8.d3 Nbd7
9.Ne4 Qc7 10.Bf4 e5 11.Be3 Nd5 12.N2c3 Nxe3 13.fxe3 Bg6 14.Qf3 Be7 15.Kh1 h5
16.h4 f5 17.Ng5 Bxg5 18.hxg5 O-O-O 19.e4 h4 20.exf5 hxg3+ 21.Bh3 Rxh3+ 22.Kg2 Rh2+
23.Kxg3 Rdh8 24.Qg4 e4+  0-1

[Event "ch-IND National A"]
[Site "Mumbai IND"]
[Date "2009.12.07"]
[Round "7"]
[White "Prathamesh,S"]
[Black "Palit,S"]
[Result "1-0"]
[WhiteElo "2382"]
[BlackElo "2385"]

1.e4 d5 2.exd5 Qxd5 3.Nc3 Qd6 4.d4 Nf6 5.Nf3 c6 6.Ne5 Nbd7 7.Bf4 Nd5 8.Nxd5 Qxd5
9.Nf3 Nb6 10.Be2 Bg4 11.O-O e6 12.a4 Qd8 13.a5 Nd5 14.Bg3 Bd6 15.Ne5 Bxe2
16.Qxe2 Bxe5 17.Bxe5 O-O 18.Qg4 g6 19.c4 Nf6 20.Qf3 Nd7 21.Bd6 Re8 22.a6 Qc8
23.Rfe1 Nb6 24.b3 bxa6 25.Ra2 Rd8 26.Be5 Nd7 27.Bg3 Qb7 28.Rea1 e5 29.Re2 f5
30.dxe5 Nc5 31.e6 Rd3 32.Re3 Rxe3 33.Qxe3 Qe7 34.h3 Nxe6 35.Rxa6 Qd7 36.Be5 Kf7
37.g3 Qb7 38.Ra1 a6 39.Bb2 Qe7 40.Qe5 Ra7 41.Re1 Ra8 42.Qe3 f4 43.gxf4 Re8
44.Qe5 Qh4 45.Re4 Re7 46.Qc3 Rd7 47.Qe3 Qe7 48.Kh2 Qd6 49.Qc3 Re7 50.Qh8 g5
51.Re5 Qd3 52.f5 Nf8 53.Ba3 Re8 54.Rxe8 Kxe8 55.Qxf8+ Kd7 56.Qe7+ Kc8 57.Bd6  1-0